[Event "SVK-ch U14"]
[Site "Liptovsky Mikulas"]
[Date "2007.04.27"]
[Round "9"]
[White "Snegon, Juraj"]
[Black "Zaymus, Mikulas"]
[Result "1/2-1/2"]
[WhiteElo "1397"]
[BlackElo "1504"]
[PlyCount "82"]
[EventDate "2007.04.22"]
[EventType "swiss"]
[EventRounds "9"]
[EventCountry "SVK"]
[SourceTitle "EXT 2008"]
[Source "ChessBase"]
[SourceDate "2007.11.25"]
[SourceVersion "1"]
[SourceVersionDate "2007.11.25"]
[SourceQuality "1"]

1. d4 d5 2. c4 e6 3. Nc3 Nf6 4. Bg5 Nbd7 5. e3 c6 6. Bd3 Bd6 7. Nge2 0-0 8. e4 Be7 9. 0-0 dxe4 10. Nxe4 Nxe4 11. Bxe7 Nxf2 12. Rxf2 Qxe7 13. Qc2 Nf6 14. Re1 Bd7 15. Nf4 h6 16. d5 cxd5 17. cxd5 e5 18. Rfe2 Qb4 19. Nh3 Bxh3 20. gxh3 Nxd5 21. Rxe5 Qb6+ 22. Kh1 Nb4 23. Qd2 Nxd3 24. Qxd3 Qxb2 25. R5e2 Qb6 26. Rg1 Qc6+ 27. Reg2 Rad8 28. Qg3 g6 29. h4 Kh7 30. h5 Rg8 31. Qf4 Rdf8 32. Qe3 Rg7 33. Qe7 Rfg8 34. Rf1 f5 35. hxg6+ Kh8 36. Qe5 f4 37. Rxf4 Re8 38. Qa1 Kg8 39. Qb1 Re6 40. Qf1 Re8 41. Rf6 Qe4 1/2-1/2

[Event "SVK-ch U14"]
[Site "Liptovsky Mikulas"]
[Date "2007.04.26"]
[Round "8"]
[White "Zaymus, Mikulas"]
[Black "Druska, Juraj"]
[Result "0-1"]
[WhiteElo "1504"]
[BlackElo "1809"]
[PlyCount "52"]
[EventDate "2007.04.22"]
[EventType "swiss"]
[EventRounds "9"]
[EventCountry "SVK"]
[SourceTitle "EXT 2008"]
[Source "ChessBase"]
[SourceDate "2007.11.25"]
[SourceVersion "1"]
[SourceVersionDate "2007.11.25"]
[SourceQuality "1"]

1. d4 c5 2. d5 b5 3. e4 a6 4. g3 d6 5. Bg2 Bb7 6. b3 e6 7. c4 Nd7 8. Qe2 b4 9. Bb2 Ngf6 10. Nd2 Be7 11. a4 a5 12. Nh3 exd5 13. exd5 0-0 14. 0-0 Re8 15. Rfe1 Nf8 16. Nf4 Ng6 17. Nxg6 hxg6 18. Bf3 Nh7 19. Qd3 Bf6 20. Bxf6 Nxf6 21. Rxe8+ Qxe8 22. Ne4 Nxe4 23. Bxe4 Qe5 24. Rb1 Re8 25. Bf3 Bc8 26. Bg2 Bf5 0-1

[Event "SVK-ch U14"]
[Site "Liptovsky Mikulas"]
[Date "2007.04.24"]
[Round "5"]
[White "Mraz, Martin"]
[Black "Zaymus, Mikulas"]
[Result "1-0"]
[WhiteElo "1658"]
[BlackElo "1504"]
[PlyCount "89"]
[EventDate "2007.04.22"]
[EventType "swiss"]
[EventRounds "9"]
[EventCountry "SVK"]
[SourceTitle "EXT 2008"]
[Source "ChessBase"]
[SourceDate "2007.11.25"]
[SourceVersion "1"]
[SourceVersionDate "2007.11.25"]
[SourceQuality "1"]

1. e4 e6 2. d4 d5 3. Nc3 Bb4 4. e5 Nd7 5. a3 Bxc3+ 6. bxc3 c5 7. f4 f5 8. Be3 c4 9. Nf3 h6 10. Be2 Ne7 11. Nh4 Rg8 12. 0-0 b6 13. a4 Nf8 14. Bc1 Nc6 15. Qe1 Kd7 16. Nf3 Bb7 17. Ba3 Ng6 18. Qg3 Nge7 19. Nd2 Ba6 20. Ra2 g5 21. Qh3 Qf8 22. Nb1 Qg7 23. Kh1 Raf8 24. g3 Rf7 25. Bxe7 Nxe7 26. Na3 Ng6 27. Bh5 gxf4 28. Bxg6 Qxg6 29. Rxf4 Rfg7 30. Nb5 Bxb5 31. axb5 Kc8 32. Qf1 Qe8 33. Rh4 Qxb5 34. Rxh6 Qc6 35. Qxf5 Re7 36. Qf6 Rge8 37. Rh8 Rxh8 38. Qxe7 Qb5 39. Qxe6+ Kb8 40. Qd6+ Ka8 41. Qb4 Qd7 42. Qxb6 Rh7 43. Qc5 Rxh2+ 44. Kxh2 Qh7+ 45. Kg1 1-0